[Event "Sparkassen Open A"]
[Site "Dortmund GER"]
[Date "2012.07.16"]
[Round "3.13"]
[White "Kartsev, Soel"]
[Black "Schnelle, Lukas"]
[Result "1-0"]
[WhiteElo "2198"]
[BlackElo "2054"]
[WhiteFideId "4130561"]
[BlackFideId "24675350"]
[EventDate "2012.07.14"]

1. e4 c6 2. d4 d5 3. Nc3 dxe4 4. Nxe4 Bf5 5. Ng3 Bg6 6. h4 h6 7. Nf3 Nd7 8. h5
Bh7 9. Bd3 Bxd3 10. Qxd3 e6 11. Bf4 Bb4+ 12. c3 Be7 13. O-O-O Ngf6 14. Kb1 a5
15. Ne4 Nxe4 16. Qxe4 Nf6 17. Qe2 a4 18. Ne5 a3 19. b3 O-O 20. g4 Qa5 21. Bd2
Nd5 22. c4 Nc3+ 23. Bxc3 Qxc3 24. Rd3 Qa5 25. f4 Rad8 26. g5 hxg5 27. h6 g6 28.
Nxg6 fxg6 29. Qxe6+ Kh8 30. Qxe7 Rg8 31. Qf6+ Kh7 32. d5 Rde8 33. Qf7+ Kh8 34.
Rhd1 Re1 35. h7 Rge8 36. Qf6+ 1-0

[Event "Sparkassen Open A"]
[Site "Dortmund GER"]
[Date "2012.07.16"]
[Round "3.14"]
[White "Torres-Kuckel, Rafael"]
[Black "Schmidt, Kai-Uwe"]
[Result "1-0"]
[WhiteTitle "FM"]
[WhiteElo "2306"]
[BlackElo "2051"]
[WhiteFideId "4625072"]
[BlackFideId "4608755"]
[EventDate "2012.07.14"]

1. e4 c5 2. Nf3 d6 3. d4 cxd4 4. Qxd4 a6 5. Be3 Nc6 6. Qd2 Nf6 7. Nc3 b5 8. a3
Rb8 9. Rd1 Bd7 10. Bg5 e6 11. Bd3 h6 12. Bf4 Qc7 13. O-O Be7 14. Rfe1 Ne5 15.
Bf1 g5 16. Nxe5 dxe5 17. Bg3 Bc6 18. Nd5 Qb7 19. Nxe7 Qxe7 20. Bxe5 Rc8 21. Qd4 1-0

[Event "Sparkassen Open A"]
[Site "Dortmund GER"]
[Date "2012.07.16"]
[Round "3.15"]
[White "Kozlov, Alexander GER"]
[Black "Lenaerts, Lennert"]
[Result "0-1"]
[WhiteElo "2204"]
[BlackElo "2044"]
[WhiteFideId "4652908"]
[BlackFideId "211435"]
[EventDate "2012.07.14"]

1. Nf3 Nf6 2. c4 g6 3. g3 Bg7 4. Bg2 d6 5. Nc3 O-O 6. O-O e5 7. d3 Nc6 8. a3 a5
9. Qc2 Bg4 10. e3 Qd7 11. Re1 Rfe8 12. Rb1 e4 13. dxe4 Nxe4 14. Nxe4 Rxe4 15.
Qxe4 Bf5 16. Qd5 Bxb1 17. Qb5 Be4 18. Ne5 Nxe5 19. Qxd7 Nxd7 20. Bxe4 Nc5 21.
Bc2 a4 22. Kf1 f5 23. Rd1 Ra6 24. Rd2 Rc6 25. Ke1 Rb6 26. Bd1 Kf7 27. h4 Be5 28.
Ke2 h6 29. Ke1 g5 30. hxg5 hxg5 31. Ke2 Ke6 32. Ke1 Ra6 33. Be2 Rb6 34. Bd1 Ne4
35. Re2 Ra6 36. Bc2 Nc5 37. Rd2 Ra8 38. Kf1 g4 39. Rd1 Ra6 40. Rd2 Rc6 41. Ke2
Kf6 42. Ke1 Ke6 43. Ke2 Bg7 44. Ke1 Bf6 45. Ke2 Be5 46. Ke1 Nb3 47. Bxb3 axb3
48. Rd3 Rxc4 49. Bd2 Rc2 50. Rxb3 Rxb2 51. Rd3 Ra2 52. Rb3 b6 53. Bc3 Bxc3+ 54.
Rxc3 Kd7 55. Rb3 d5 56. Kf1 Kc6 57. Rb4 Kd6 58. a4 Rc2 59. Rb1 Rc4 60. Ra1 Rc5
61. Rb1 Ra5 62. Rb4 Ra6 63. Rf4 Ke5 64. Rb4 c5 65. Rb1 Kd6 66. Ke2 Kc6 67. Ra1
c4 68. Kd2 Kc5 69. Kc3 Ra8 70. Rh1 Rxa4 71. Rh5 Ra2 72. Rh8 Rxf2 73. Rc8+ Kd6
74. Rd8+ Kc6 75. Rc8+ Kd7 0-1

[Event "Sparkassen Open A"]
[Site "Dortmund GER"]
[Date "2012.07.16"]
[Round "3.16"]
[White "Eckardt, Joshua"]
[Black "Braeuer, Karl-Heinz"]
[Result "0-1"]
[WhiteElo "2057"]
[BlackElo "2202"]
[WhiteFideId "12941646"]
[BlackFideId "4677218"]
[EventDate "2012.07.14"]

1. d4 Nf6 2. c4 c6 3. Nf3 d5 4. e3 Bf5 5. Nc3 e6 6. Nh4 Be4 7. f3 Bg6 8. Qb3 Qb6
9. Nxg6 hxg6 10. Bd2 Nbd7 11. O-O-O Qc7 12. g3 Bd6 13. Bd3 dxc4 14. Bxc4 b5 15.
Bd3 a6 16. Kb1 c5 17. Qc2 c4 18. Be2 Nb6 19. e4 Be7 20. Bf4 Qc8 21. d5 exd5 22.
Nxd5 Nbxd5 23. exd5 Qf5 24. Bd3 Qd7 25. Be4 Bd6 26. Rhe1 O-O 27. Bxd6 Qxd6 28.
g4 Rad8 29. g5 Nh5 30. Rd4 Rfe8 31. Red1 Re7 32. b3 cxb3 33. Qxb3 Nf4 34. h4 a5
35. Rc1 Qe5 36. Rd2 a4 37. Qb4 Rc7 38. Rxc7 Qxc7 39. d6 Qb6 40. d7 Ne6 41. Qe7
Qc5 42. Qxc5 Nxc5 43. Bc6 Ne6 44. Bxb5 Rb8 45. Rd5 Kf8 46. Kc1 a3 47. Bc4 Ke7
48. Bb3 Rb4 49. h5 gxh5 50. g6 f6 51. Rd2 Nd8 52. Rh2 h4 53. Rd2 Rf4 54. Bd1
Rc4+ 55. Kb1 h3 56. Bc2 Rf4 57. Be4 f5 58. Ba8 Rb4+ 59. Kc1 Rb2 0-1

[Event "Sparkassen Open A"]
[Site "Dortmund GER"]
[Date "2012.07.16"]
[Round "3.17"]
[White "Mundorf, Johannes"]
[Black "Schuelke, Tilman"]
[Result "1-0"]
[WhiteElo "2174"]
[BlackElo "2007"]
[WhiteFideId "24672491"]
[BlackFideId "4647475"]
[EventDate "2012.07.14"]

1. Nf3 Nf6 2. c4 b6 3. g3 Bb7 4. Bg2 e6 5. O-O Qc8 6. Nc3 Be7 7. d4 Ne4 8. Qc2
Nxc3 9. Qxc3 O-O 10. Rd1 d6 11. Bg5 Bxg5 12. Nxg5 h6 13. Ne4 Bxe4 14. Bxe4 c6
15. Rac1 a6 16. Bb1 Nd7 17. Qc2 g6 18. Qd2 Kh7 19. h4 Qd8 20. Qf4 Qe7 21. Rc3
Rac8 22. Kg2 Kg7 23. b4 Rh8 24. c5 bxc5 25. dxc5 d5 26. Qd6 Rhe8 27. Qxe7 Rxe7
28. Bd3 Ra8 29. Rb1 Nb8 30. Ra3 Rb7 31. Ra5 Raa7 32. Kf3 e5 33. e4 d4 34. g4 h5
35. gxh5 gxh5 36. Ke2 f6 37. Kd2 Kh6 38. Be2 Rg7 39. Rb3 Rgf7 40. Rf3 Kg6 41.
Rf5 Rh7 42. Ra3 Kf7 43. Rxh5 Rxh5 44. Bxh5+ Kg7 45. Be2 Kg6 46. Rg3+ Kh7 47. Bg4
Rb7 48. Bf5+ Kh6 49. a3 a5 50. Rg8 Rb5 51. Rh8+ Kg7 52. Rh7+ Kg8 53. Ra7 axb4
54. axb4 Rxb4 55. h5 Rb2+ 56. Kc1 Rxf2 57. h6 d3 58. h7+ Kh8 59. Rc7 Rxf5 60.
exf5 Na6 61. Rxc6 Nb4 62. Rb6 Nd5 63. Rd6 Ne3 64. Rxd3 Nxf5 65. c6 e4 66. Rd7 1-0

[Event "Sparkassen Open A"]
[Site "Dortmund GER"]
[Date "2012.07.16"]
[Round "3.18"]
[White "Butschek, Tanja"]
[Black "Schmuecker, Marcus"]
[Result "0-1"]
[WhiteElo "2043"]
[BlackElo "2173"]
[WhiteFideId "24604640"]
[BlackFideId "4658892"]
[EventDate "2012.07.14"]

1. e4 e6 2. d4 d5 3. Nc3 Bb4 4. e5 c5 5. Bd2 Nh6 6. dxc5 Nc6 7. Qh5 Nf5 8. Nf3
Bxc5 9. Bd3 g6 10. Qg4 f6 11. Bf4 O-O 12. O-O-O fxe5 13. Nxe5 Qf6 14. Nf3 Bxf2
15. Nb5 Ne3 16. Bxe3 Bxe3+ 17. Nd2 Ne5 18. Qe2 Nxd3+ 19. Qxd3 Bf4 20. g3 Be5 21.
Rhf1 Qg7 22. Rxf8+ Qxf8 23. Nf3 Bf6 24. Re1 Qg7 25. c3 Bd7 26. Nc7 Rc8 27. Nxe6
Bxe6 28. Rxe6 Bxc3 29. Kb1 Bxb2 30. Re1 Rd8 31. Ng5 Qc3 32. Qe2 Ba3 33. Qe6+ Kh8
34. Qe2 Qb4+ 35. Ka1 Qc3+ 36. Kb1 Qf6 37. h4 h6 38. Nf3 d4 39. Qc2 Qxf3 40. Qxg6
Qc6 0-1

[Event "Sparkassen Open A"]
[Site "Dortmund GER"]
[Date "2012.07.16"]
[Round "3.19"]
[White "Heinert, Eugen"]
[Black "Cebulla, Konstantin"]
[Result "0-1"]
[WhiteElo "2172"]
[BlackElo "1977"]
[WhiteFideId "24621390"]
[BlackFideId "1272025"]
[EventDate "2012.07.14"]

1. c4 e6 2. Nc3 d5 3. d4 Be7 4. cxd5 exd5 5. Bf4 c6 6. e3 Nf6 7. Qc2 O-O 8. h3
Nh5 9. Bh2 g6 10. Bd3 Ng7 11. g4 Be6 12. Nge2 Nd7 13. O-O-O b5 14. Kb1 a5 15.
Nf4 a4 16. Nxe6 fxe6 17. f4 Qa5 18. Rhg1 b4 19. Ne2 b3 20. Qxc6 a3 21. f5 bxa2+
22. Ka1 axb2+ 23. Kxb2 a1=Q+ 24. Rxa1 Ba3+ 25. Kc2 Rfc8 26. Qxc8+ Rxc8+ 27. Kd1
g5 28. Rf1 exf5 29. gxf5 Rc6 30. f6 Qa4+ 31. Ke1 Rxf6 32. Rxf6 Nxf6 33. Kf1 Qb3
34. Be5 Qxd3 35. Bxf6 Qf5+ 36. Kg2 Qxf6 37. Rxa3 Nf5 0-1

[Event "Sparkassen Open A"]
[Site "Dortmund GER"]
[Date "2012.07.16"]
[Round "3.20"]
[White "Chilla, Jan Eric"]
[Black "Henkemeier, Markus"]
[Result "1-0"]
[WhiteElo "2158"]
[BlackElo "1950"]
[WhiteFideId "24650900"]
[BlackFideId "1271859"]
[EventDate "2012.07.14"]

1. Nf3 d6 2. d4 Nd7 3. e4 e5 4. Bc4 Be7 5. dxe5 Nxe5 6. Nxe5 dxe5 7. Qh5 Qd4 8.
Qxf7+ Kd8 9. Nc3 Nf6 10. Be3 Qd7 11. Qxg7 Rf8 12. Rd1 Bd6 13. Qh6 b6 14. Bg5 1-0

[Event "Sparkassen Open A"]
[Site "Dortmund GER"]
[Date "2012.07.16"]
[Round "3.21"]
[White "Fenner, Martin"]
[Black "Sievert, Jan-Thorwald"]
[Result "0-1"]
[WhiteElo "2003"]
[BlackElo "2149"]
[WhiteFideId "24603589"]
[BlackFideId "12940909"]
[EventDate "2012.07.14"]

1. e4 c5 2. Nf3 d6 3. Bd3 Nd7 4. O-O Ngf6 5. Re1 g6 6. c4 Bg7 7. Nc3 O-O 8. Bf1
Ne5 9. h3 Ne8 10. d3 Nc7 11. Be3 Ne6 12. Rb1 Nxf3+ 13. Qxf3 Bd7 14. Qd1 a6 15.
Qd2 Nd4 16. Ne2 b5 17. Nxd4 cxd4 18. Bg5 Re8 19. cxb5 axb5 20. a3 Qb6 21. Rec1
f6 22. Bh4 Rec8 23. f3 Rc5 24. Be2 Rac8 25. Bd1 Be6 26. Bf2 Qc7 27. Rxc5 Qxc5
28. Be1 Bf7 29. Kf1 f5 30. a4 bxa4 31. Bxa4 fxe4 32. fxe4 Bf6 33. b4 Qe5 34. Bf2
Bg5 35. Qb2 Qh2 36. Qxd4 Qh1+ 37. Bg1 Rf8 38. Qf2 Be6 39. Qxf8+ Kxf8 40. Kf2
Bh4+ 41. Kf1 Bg3 42. b5 Bxh3 43. gxh3 Qf3+ 0-1

[Event "Sparkassen Open A"]
[Site "Dortmund GER"]
[Date "2012.07.16"]
[Round "3.22"]
[White "Rohovoy, Dmitrij"]
[Black "Krueger, Andre"]
[Result "0-1"]
[WhiteElo "1969"]
[BlackElo "2143"]
[WhiteFideId "12903124"]
[BlackFideId "4665040"]
[EventDate "2012.07.14"]

1. d4 d5 2. c4 c6 3. Nc3 Nf6 4. e3 Bf5 5. Nf3 e6 6. Nh4 Bg6 7. Nxg6 hxg6 8. Qc2
Be7 9. b3 Qc7 10. h3 Nbd7 11. Bb2 a6 12. Be2 b5 13. Rc1 Rc8 14. Bd3 O-O 15. O-O
Nb6 16. Qe2 Qb7 17. c5 Nbd7 18. f4 Nh5 19. Qf3 f5 20. Be2 Ndf6 21. g3 Ne4 22.
Nxe4 dxe4 23. Qg2 Nf6 24. Bc3 Nd5 25. Bd2 Kf7 26. Kf2 g5 27. Rh1 gxf4 28. gxf4
Bh4+ 29. Kg1 Rh8 30. Kh2 g5 31. Rcg1 Rcg8 32. Qf1 Qc7 33. Rg2 gxf4 34. Rhg1 0-1

[Event "Sparkassen Open A"]
[Site "Dortmund GER"]
[Date "2012.07.16"]
[Round "3.23"]
[White "Faust, Martin"]
[Black "Boldt, Manfred"]
[Result "1-0"]
[WhiteElo "2133"]
[BlackElo "1946"]
[WhiteFideId "4623517"]
[BlackFideId "24655970"]
[EventDate "2012.07.14"]

1. e4 c5 2. b4 cxb4 3. Bb2 d6 4. Nf3 e5 5. a3 Nf6 6. Bc4 h6 7. O-O Be7 8. axb4
O-O 9. Qe2 Bg4 10. Qe3 b6 11. Nc3 Bxf3 12. Qxf3 Nc6 13. Nd5 Nxd5 14. Bxd5 Rc8
15. Bxc6 Rxc6 16. Rxa7 Bg5 17. Bc3 Rc7 18. Ra6 Rc6 19. g3 Qd7 20. Rfa1 f5 21.
Ra7 Qc8 22. exf5 Rxf5 23. Qd5+ Kh7 24. Ra8 Qd7 25. Qd3 g6 26. Qd5 Rf7 27. R8a7
Rc7 28. Rxc7 Qxc7 29. b5 Qe7 30. Ra6 Qf6 31. f3 Qxf3 32. Qxf3 Rxf3 33. Rxb6 Rf7
34. Rxd6 Rb7 35. Rd5 e4 36. Kf2 h5 37. Ke2 Re7 38. Bd4 Rc7 39. c3 Bh6 40. b6 Rb7
41. Rc5 1-0

[Event "Sparkassen Open A"]
[Site "Dortmund GER"]
[Date "2012.07.16"]
[Round "3.24"]
[White "Zolfagharian, Kevin"]
[Black "Baumhackel, Mario"]
[Result "1/2-1/2"]
[WhiteElo "1948"]
[BlackElo "2126"]
[WhiteFideId "12933570"]
[BlackFideId "4636953"]
[EventDate "2012.07.14"]

1. e4 e6 2. Nf3 d5 3. Nc3 Nf6 4. e5 Nfd7 5. d4 h6 6. Be3 c5 7. dxc5 Nc6 8. Qd2
Ndxe5 9. Nxe5 Nxe5 10. Bf4 Ng6 11. Bg3 Bd7 12. Nb5 Rc8 13. Nd6+ Bxd6 14. Bxd6
Ne7 15. g4 h5 16. Qc3 hxg4 17. Qxg7 Rg8 18. Qh7 Qa5+ 19. c3 d4 20. Bc4 dxc3 21.
O-O Rxc5 22. Bxe6 Bxe6 23. b4 Rh5 24. Qxg8+ Nxg8 25. bxa5 Nf6 26. Bb4 Ne4 27.
Rfc1 Nd2 28. Rxc3 Nf3+ 29. Kf1 Rxh2 30. Rd1 Bd7 31. Re3+ Be6 32. Rc3 Bd7 33. a4
a6 34. Rc7 Rh1+ 35. Ke2 Rxd1 36. Kxd1 Bxa4+ 37. Kc1 f5 38. Rxb7 Ng5 39. Rb6 Ne4
40. Be1 Nc5 41. Rf6 Bd7 42. Rd6 1/2-1/2

[Event "Sparkassen Open A"]
[Site "Dortmund GER"]
[Date "2012.07.16"]
[Round "3.25"]
[White "Brem, Stephan"]
[Black "Butschek, Marc"]
[Result "1-0"]
[WhiteElo "2121"]
[BlackElo "1943"]
[WhiteFideId "4617266"]
[BlackFideId "4630904"]
[EventDate "2012.07.14"]

1. f4 e5 2. fxe5 d6 3. Nf3 dxe5 4. e4 Bd6 5. d4 Bg4 6. Bc4 Qe7 7. Nc3 exd4 8.
Qxd4 Bxf3 9. gxf3 Nc6 10. Bb5 O-O-O 11. Qf2 Nd4 12. Nd5 Bb4+ 13. c3 Rxd5 14. Bc4
Rf5 15. Qxd4 Bc5 16. Qxg7 Qh4+ 17. Kd1 Rxf3 18. Qxh8 Qd8+ 19. Kc2 Rf2+ 20. Kb3
c6 21. Qe5 Qb6+ 22. Ka4 Rxb2 23. Bxb2 Qxb2 24. Qxc5 Qc2+ 25. Bb3 Qxe4+ 26. Qd4
b5+ 27. Ka3 Qe7+ 28. Kb2 1-0

[Event "Sparkassen Open A"]
[Site "Dortmund GER"]
[Date "2012.07.16"]
[Round "3.26"]
[White "Steinmetzer, Thomas"]
[Black "Simanowski, Mio"]
[Result "1-0"]
[WhiteElo "2114"]
[BlackElo "1858"]
[WhiteFideId "4689690"]
[BlackFideId "24687154"]
[EventDate "2012.07.14"]

1. e4 e5 2. Nf3 Nc6 3. Bb5 a6 4. Ba4 Nf6 5. O-O b5 6. Bb3 Be7 7. d4 d6 8. dxe5
Nxe5 9. Nxe5 dxe5 10. Qf3 c5 11. c4 O-O 12. Nc3 Qb6 13. Qe2 b4 14. Nd5 Nxd5 15.
cxd5 a5 16. Be3 Qg6 17. f3 a4 18. Bc4 Bd7 19. Rfd1 Bd6 20. Rac1 a3 21. b3 Ra5
22. Rc2 Rc8 23. Rdc1 Qf6 24. Bd3 Qe7 25. Kh1 Kf8 26. g3 Kg8 27. f4 f6 28. f5 Be8
29. g4 h6 30. h4 Rc7 31. g5 fxg5 32. hxg5 h5 33. g6 Qh4+ 34. Kg2 Be7 35. Rh1
Qg4+ 36. Qxg4 hxg4 37. Kg3 Bf6 38. d6 1-0

[Event "Sparkassen Open A"]
[Site "Dortmund GER"]
[Date "2012.07.16"]
[Round "3.28"]
[White "Elefteriadis, Paul-Gabriel"]
[Black "Schleich, Theodor"]
[Result "1/2-1/2"]
[WhiteElo "1880"]
[BlackElo "2102"]
[WhiteFideId "24626236"]
[BlackFideId "24615218"]
[EventDate "2012.07.14"]

1. c4 b6 2. d4 e6 3. a3 Bb7 4. Nc3 f5 5. d5 Nf6 6. g3 Na6 7. Bg2 Be7 8. Nh3 e5
9. e4 fxe4 10. Ng5 Nc5 11. Ngxe4 O-O 12. O-O a5 13. Be3 Rb8 14. Qc2 Ba6 15. b4
Ncxe4 16. Nxe4 h6 17. Nxf6+ Rxf6 18. Qc3 axb4 19. axb4 Bc8 20. Qxe5 Bxb4 21.
Rfb1 Bd6 22. Qc3 Bb7 23. Bd4 Rf7 24. Re1 Bc5 25. Bxc5 bxc5 26. Qe3 d6 27. Bh3
Bc8 28. Qe8+ Qxe8 29. Rxe8+ Rf8 30. Rxf8+ Kxf8 31. Bxc8 Rxc8 32. Ra6 Rb8 33. Ra1
Rb4 34. Rc1 Ke7 35. Kf1 Kd7 36. Ke2 c6 37. dxc6+ Kxc6 38. Kd3 Rb2 39. Ke3 Rb3+
40. Ke4 Rb4 41. Kd3 d5 42. cxd5+ Kxd5 43. h4 Rd4+ 44. Ke3 Kc6 45. f4 h5 46. Rg1
Rd7 47. g4 hxg4 48. Rxg4 c4 49. f5 Kc5 50. h5 c3 51. Rg2 Kc4 52. Rg6 c2 53. Rc6+
Kb3 54. Rb6+ Kc3 55. Rc6+ Kb2 56. Rb6+ Kc1 57. f6 gxf6 58. Rxf6 Kb2 59. Rf2 Kb1
60. Rxc2 Kxc2 61. Kf4 Kd3 62. Kg5 Ke4 63. Kg6 Rb7 64. h6 Rc7 1/2-1/2

[Event "Sparkassen Open A"]
[Site "Dortmund GER"]
[Date "2012.07.16"]
[Round "3.35"]
[White "Hassler, Rolf"]
[Black "Fistoul, Michail"]
[Result "0-1"]
[WhiteElo "1897"]
[BlackElo "2087"]
[WhiteFideId "4638255"]
[BlackFideId "24662976"]
[EventDate "2012.07.14"]

1. e4 e6 2. d3 b6 3. Nf3 Bb7 4. Be2 d5 5. exd5 Bxd5 6. O-O Nf6 7. Nc3 Bb7 8. Bg5
Be7 9. Ne5 Nbd7 10. Nxd7 Qxd7 11. Bf3 c6 12. Ne4 Nxe4 13. Bxe7 Nxf2 14. Rxf2
Qxe7 15. Qd2 O-O 16. Re1 c5 17. Bxb7 Qxb7 18. Rf4 Qd5 19. b3 Rad8 20. Qf2 e5 21.
Rf5 f6 22. h3 Qd4 23. Rf1 Qxf2+ 24. R5xf2 b5 25. g4 a5 26. Rf5 c4 27. dxc4 bxc4
28. bxc4 Rc8 29. R5f2 Rxc4 30. Rb1 Rb4 31. Rb3 Rc8 32. Rd2 Rd4 33. Re2 a4 34.
Rb7 Rdc4 35. Rd2 R4c7 36. Rd8+ Rxd8 37. Rxc7 Rd1+ 38. Kf2 Ra1 39. Ke2 Rxa2 40.
Kd2 Ra3 41. Ra7 Rxh3 42. Rxa4 Rg3 43. Re4 Kf7 44. c4 Ke6 45. Kc2 Kd6 46. Kd2 Kc5
47. Kc2 Rg2+ 48. Kd3 Rf2 49. g5 Rf3+ 50. Ke2 Rf4 51. Re3 Rxc4 52. Rh3 Rc2+ 53.
Kd3 Rg2 54. gxf6 gxf6 55. Rxh7 Kd5 56. Rh8 Rg3+ 57. Ke2 f5 58. Ra8 f4 59. Ra5+
Ke4 60. Ra4+ Kf5 61. Ra5 Rc3 62. Kf2 Ke4 63. Ra4+ Kd3 64. Ra8 Kd4 65. Ra4+ Rc4
66. Ra8 Ke4 67. Ra5 Rc2+ 68. Ke1 f3 69. Rb5 Kf4 70. Rb8 e4 71. Rb7 Rc3 72. Rb6
Ke3 73. Rb1 Kf4 74. Rb7 e3 0-1

[Event "Sparkassen Open A"]
[Site "Dortmund GER"]
[Date "2012.07.16"]
[Round "3.36"]
[White "Schwarz, Larissa"]
[Black "Rodemann, Edmund"]
[Result "1/2-1/2"]
[WhiteElo "1870"]
[BlackElo "2033"]
[WhiteFideId "24699004"]
[BlackFideId "4634462"]
[EventDate "2012.07.14"]

1. e4 c6 2. d4 d5 3. Nc3 dxe4 4. Nxe4 Nd7 5. Nf3 Ngf6 6. Nxf6+ Nxf6 7. Be2 Bg4
8. O-O e6 9. Bf4 Be7 10. c3 O-O 11. Re1 c5 12. Qb3 Nd5 13. Bg3 Qb6 14. Qxb6 Nxb6
15. dxc5 Bxc5 16. Ne5 Bxe2 17. Rxe2 Rfd8 18. a4 a5 19. Nf3 Rd7 20. Be5 Rad8 21.
Bd4 Bxd4 22. Nxd4 Rd5 23. f4 g6 1/2-1/2

[Event "Sparkassen Open A"]
[Site "Dortmund GER"]
[Date "2012.07.16"]
[Round "3.37"]
[White "Deinert, Wolfgang"]
[Black "Giraud, Valerian"]
[Result "1/2-1/2"]
[WhiteElo "1811"]
[BlackElo "2024"]
[WhiteFideId "4685229"]
[BlackFideId "12920355"]
[EventDate "2012.07.14"]

1. e4 e6 2. d4 d5 3. Nc3 Bb4 4. e5 c5 5. a3 Bxc3+ 6. bxc3 Ne7 7. Qg4 O-O 8. Bd3
Qa5 9. Bd2 Nbc6 10. Nf3 f5 11. exf6 Rxf6 12. Qh5 Nf5 13. g4 c4 14. Rg1 cxd3 15.
gxf5 Bd7 16. Qg5 Rf7 17. f6 Qd8 18. Ne5 Nxe5 19. dxe5 dxc2 20. Qh5 Rc8 21. Bh6
Qa5 22. Qxf7+ Kxf7 23. Rxg7+ Kf8 24. Rg3+ Ke8 25. Rg8+ Kf7 26. Rg7+ Kf8 27. Rg3+ 1/2-1/2

[Event "Sparkassen Open A"]
[Site "Dortmund GER"]
[Date "2012.07.16"]
[Round "3.38"]
[White "Hartung, Thomas2"]
[Black "Grahl, Matthias"]
[Result "1/2-1/2"]
[WhiteElo "2013"]
[BlackElo "1851"]
[WhiteFideId "4639146"]
[BlackFideId "4692918"]
[EventDate "2012.07.14"]

1. e4 e6 2. d4 d5 3. Nc3 Nf6 4. Bg5 Be7 5. e5 Nfd7 6. Bxe7 Qxe7 7. f4 a6 8. Nf3
c5 9. Bd3 Nc6 10. O-O cxd4 11. Ne2 Nc5 12. Nexd4 Nxd3 13. Qxd3 O-O 14. a4 Bd7
15. Ra3 h6 16. g4 Nxd4 17. Qxd4 Rac8 18. Qd3 Rc4 19. Nd4 Qc5 20. c3 Rxa4 21.
Rxa4 Bxa4 22. Kh1 Bb5 23. Nxb5 axb5 24. f5 Qc4 25. Qf3 Qe4 26. Qxe4 dxe4 27. Rd1
exf5 28. gxf5 Re8 29. Rd5 f6 30. e6 g6 31. Kg2 gxf5 32. Rxf5 Rxe6 33. Kf2 Kf7
34. Rxb5 b6 35. Rd5 Kg6 36. Rd8 e3+ 37. Ke2 f5 38. Rf8 Kg5 39. Rg8+ Kf6 40. Rf8+
Kg6 41. b3 Kg5 42. Rg8+ Kf6 43. Rf8+ Kg6 44. c4 Kg5 45. Rg8+ Kh4 46. Rf8 1/2-1/2

[Event "Sparkassen Open A"]
[Site "Dortmund GER"]
[Date "2012.07.16"]
[Round "3.39"]
[White "Haase, Thomas Konstantin"]
[Black "Niekrens, Stefan"]
[Result "0-1"]
[WhiteElo "1849"]
[BlackElo "1996"]
[WhiteFideId "12916773"]
[BlackFideId "24635383"]
[EventDate "2012.07.14"]

1. e4 e5 2. Nf3 Nf6 3. Nxe5 d6 4. Nf3 Nxe4 5. Nc3 Nxc3 6. dxc3 Be7 7. Be3 O-O 8.
Qd2 c6 9. O-O-O Qa5 10. Kb1 Be6 11. a3 Nd7 12. h4 Qd5 13. c4 Qxd2 14. Nxd2 d5
15. f3 Nb6 16. cxd5 Nxd5 17. Bf2 Rfd8 18. g3 Bf5 19. Bh3 Bxh3 20. Rxh3 Rd7 21.
Kc1 Rad8 22. Nc4 Bf6 23. Rhh1 a6 24. c3 g6 25. Kc2 Bg7 26. Nb6 Nxb6 27. Bxb6
Rxd1 28. Rxd1 Rxd1 29. Kxd1 f5 30. Kc2 Kf7 31. Kd3 Ke6 32. Bd4 Bf8 33. a4 Be7
34. b3 f4 35. Bf2 fxg3 36. Bxg3 Kf5 37. b4 b5 38. axb5 axb5 39. Ke3 Bf6 40. Kd3
Be7 41. Ke3 g5 42. hxg5 Bxg5+ 43. Kd4 Be7 44. Ke3 Bf6 45. Kd3 h5 46. f4 Kg4 47.
Bh2 Kh3 48. Bg1 Kg3 49. Bc5 Kxf4 50. c4 Kf3 51. cxb5 cxb5 52. Bd6 h4 53. Bc7 h3
54. Bd6 Bh4 55. Kd4 Bg3 56. Bxg3 Kxg3 57. Kc5 h2 58. Kxb5 h1=Q 59. Kb6 Qh8 60.
b5 Qb8+ 0-1

[Event "Sparkassen Open A"]
[Site "Dortmund GER"]
[Date "2012.07.16"]
[Round "3.40"]
[White "Wernert, Bruno"]
[Black "Huebben, Dominik"]
[Result "1-0"]
[WhiteElo "2040"]
[BlackElo "1836"]
[WhiteFideId "623288"]
[BlackFideId "12914347"]
[EventDate "2012.07.14"]

1. e4 c5 2. d4 cxd4 3. c3 dxc3 4. Nxc3 e6 5. Bf4 a6 6. Nf3 Nc6 7. Bc4 b5 8. Bb3
Bc5 9. O-O Qb6 10. Bd6 Nd4 11. Bxc5 Nxf3+ 12. Qxf3 Qxc5 13. e5 Rb8 14. Qg3 Ne7
15. Ne4 Qd4 16. Qxg7 Ng6 17. Nd6+ 1-0

[Event "Sparkassen Open A"]
[Site "Dortmund GER"]
[Date "2012.07.16"]
[Round "3.41"]
[White "Maniocha, Marek"]
[Black "Geyler, Stefan"]
[Result "1-0"]
[WhiteElo "2035"]
[BlackElo "1935"]
[WhiteFideId "4636821"]
[BlackFideId "24605638"]
[EventDate "2012.07.14"]

1. c4 Nf6 2. Nc3 d5 3. cxd5 Nxd5 4. g3 g6 5. Bg2 Nb6 6. Nf3 Bg7 7. O-O O-O 8. d4
Nc6 9. e3 e5 10. d5 Na5 11. Nd2 Nac4 12. Nxc4 Nxc4 13. b3 Nd6 14. Ba3 Re8 15.
Rc1 Bd7 16. Qd2 Bf8 17. Bb2 Rc8 18. Rfd1 c6 19. dxc6 Bxc6 20. Bxc6 Rxc6 21. Nb5
Re6 22. Nxa7 Rxc1 23. Qxc1 Qa5 24. Nc8 Qxa2 25. Nxd6 Rxd6 26. Bxe5 Rxd1+ 27.
Qxd1 Qa3 28. Qd5 Qc1+ 29. Kg2 Qc6 30. Qxc6 bxc6 31. Kf3 Be7 32. Ke4 Kf8 33. g4
Ke8 34. f4 Kd7 35. f5 Bd8 36. Kd3 Bb6 37. e4 Bg1 38. Kc4 Bf2 39. h3 Be1 40. Bd4
Bg3 41. e5 gxf5 42. gxf5 Bh4 43. Be3 Bg3 44. Kd4 Be1 45. Ke4 Bb4 46. Kf3 Bc3 47.
Bf4 Bb4 48. Kg4 Be7 49. Kh5 Bf8 50. Kg5 Bg7 51. h4 Ke8 52. h5 Kd7 53. h6 Bf8 54.
Kf6 Ke8 55. Be3 1-0

[Event "Sparkassen Open A"]
[Site "Dortmund GER"]
[Date "2012.07.16"]
[Round "3.42"]
[White "Dyballa, Gerhard"]
[Black "Koch, Till"]
[Result "1/2-1/2"]
[WhiteElo "1986"]
[BlackElo "1892"]
[WhiteFideId "4645189"]
[BlackFideId "24688142"]
[EventDate "2012.07.14"]

1. c4 Nf6 2. Nc3 e5 3. g3 c5 4. Bg2 Nc6 5. e3 Be7 6. Nge2 O-O 7. d4 cxd4 8. exd4
exd4 9. Nxd4 Bc5 10. Be3 Qb6 11. Nc2 Bxe3 12. Nxe3 Qxb2 13. Rc1 Rb8 14. O-O b6
15. Qd6 Qb4 16. Qf4 Ba6 17. Ne4 Nxe4 18. Bxe4 Ne7 19. Rfd1 Ng6 20. Qf5 Rbe8 21.
h4 Re5 22. Qf3 Qe7 23. Nd5 Qd8 24. h5 Ne7 25. Nb4 f5 26. Bd5+ Nxd5 27. Nxd5 Bb7 1/2-1/2

[Event "Sparkassen Open A"]
[Site "Dortmund GER"]
[Date "2012.07.16"]
[Round "3.43"]
[White "Sieberg, Rolf"]
[Black "Reisberg, Andre"]
[Result "0-1"]
[WhiteElo "1931"]
[BlackElo "1965"]
[WhiteFideId "4661257"]
[BlackFideId "1270630"]
[EventDate "2012.07.14"]

1. e4 e6 2. d4 d5 3. exd5 exd5 4. Nf3 Bd6 5. Bd3 Bg4 6. h3 Bh5 7. O-O Ne7 8. Be3
Qd7 9. c3 Nbc6 10. Re1 O-O-O 11. Nbd2 f6 12. b4 Ng6 13. Qc2 Nce7 14. a4 Nf4 15.
Bxf4 Bxf4 16. Bb5 c6 17. Bd3 g5 18. b5 Bg6 19. bxc6 Nxc6 20. Bxg6 hxg6 21. Qxg6
Rdf8 22. Nb3 Rhg8 23. Qb1 g4 24. Nc5 gxf3 25. Nxd7 Rxg2+ 26. Kf1 Bh2 27. Nb6+
Kb8 28. Nd7+ Ka8 0-1